Bordeaux : (Record no. 1071)

000 -LEADER
fixed length control field 01129nam a22003137a 4500
001 - CONTROL NUMBER
control field 2487245
003 - CONTROL NUMBER IDENTIFIER
control field OSt
005 - DATE AND TIME OF LATEST TRANSACTION
control field 20210426125055.0
008 - FIXED-LENGTH DATA ELEMENTS--GENERAL INFORMATION
fixed length control field 910603s1991 nyuab b 001 0 eng
010 ## - LIBRARY OF CONGRESS CONTROL NUMBER
LC control number 91023731
020 ## - INTERNATIONAL STANDARD BOOK NUMBER
International Standard Book Number 0671674609 :
Terms of availability $35.00
040 ## - CATALOGING SOURCE
Original cataloging agency DLC
Transcribing agency DLC
Modifying agency DLC
043 ## - GEOGRAPHIC AREA CODE
Geographic area code e-fr---
050 00 - LIBRARY OF CONGRESS CALL NUMBER
Classification number TP553
Item number .P36 1991
080 ## - UNIVERSAL DECIMAL CLASSIFICATION NUMBER
Universal Decimal Classification number 663.2
Item number P-26
082 00 - DEWEY DECIMAL CLASSIFICATION NUMBER
Classification number 641.2/2/094471
Edition number 20
100 1# - MAIN ENTRY--PERSONAL NAME
Personal name Parker, Robert M.,
Dates associated with a name 1991
245 10 - TITLE STATEMENT
Title Bordeaux :
Remainder of title a comprehensive guide to the wines produced from 1961-1990 /
Statement of responsibility, etc. Robert M. Parker, Jr. ; drawings by Christopher Wormell ; maps by Jeanyee Wong.
260 ## - PUBLICATION, DISTRIBUTION, ETC.
Place of publication, distribution, etc. New York :
Name of publisher, distributor, etc. Simon & Schuster,
Date of publication, distribution, etc. c1991.
300 ## - PHYSICAL DESCRIPTION
Extent 1026 p. :
Other physical details col. ill., col. maps ;
Dimensions 24 cm.
365 ## - TRADE PRICE
Currency code 35.00 USD
500 ## - GENERAL NOTE
General note Includes index.
650 #0 - SUBJECT ADDED ENTRY--TOPICAL TERM
Topical term or geographic name entry element Wine and wine making
Geographic subdivision France
-- Bordeaux Region (Aquitaine)
653 ## - INDEX TERM--UNCONTROLLED
Uncontrolled term მეღვინეობა
700 ## - ADDED ENTRY--PERSONAL NAME
9 (RLIN) 736
Personal name wong,jeanyee
906 ## - LOCAL DATA ELEMENT F, LDF (RLIN)
a 7
b cbc
c orignew
d 1
e ocip
f 19
g y-gencatlg
942 ## - ADDED ENTRY ELEMENTS (KOHA)
Source of classification or shelving scheme
Koha item type Books
Holdings
Withdrawn status Lost status Source of classification or shelving scheme Damaged status Not for loan Permanent location Current location Date acquired Inventory number Total Checkouts Full call number Barcode Date last seen Price effective from Koha item type
          Ken Walker International University Ken Walker International University 02/01/2021 569   663.2 P-26 569 02/01/2021 02/01/2021 Books

Powered by Koha